| 000 | 00923nam a2200229 a 4500 | ||
|---|---|---|---|
| 001 | 59722 | ||
| 003 | BD-RjUL | ||
| 005 | 20211209080749.0 | ||
| 008 | 161227s1992 mr ac 000 0 eng | ||
| 035 | _a(BD-RjUL)59846 | ||
| 040 |
_aDLC _cDLC _dBD-RjUL _beng |
||
| 041 | 0 | _aengara | |
| 082 |
_223 _a297 _bISL 1992 |
||
| 110 | 2 |
_aISESCO (Organization) _9177704 |
|
| 245 | 1 | 4 |
_aThe Islamic Educational, Scientific, and Cultural Organization : _ba decade in the service of the Islamic world = Organisation islamique pour l'éducation, les sciences et la culture : dix années au service du monde islamique / |
| 246 | 3 | 1 | _aOrganisation islamique pour l'éducation, les sciences et la culture |
| 246 | 1 | 5 | _aMunaẓẓamah al-Islāmīyah lil-Tarbiyah wa-al-ʻUlūm wa-al-Thaqāfah |
| 260 |
_aMorocco : _bThe Organization, _c1992. |
||
| 300 |
_a115, 113, 131 p. : _bill. ; _c24 cm. |
||
| 650 |
_aIslam _9170798 |
||
| 942 |
_2ddc _cBK |
||
| 999 |
_c59722 _d59722 |
||